LEADER 00990nam a2200265 a 4500 001 000000153078 003 CaOOAMICUS 005 20160720112325.0 008 160720s2002 it u000 u ita r 020 $a88-243-1457-0* 032 $aLibriCat 040 $aPUL$bita 100 1 $aTedeschi, Mario.$0(OLS)http://pul/name/21538 245 10$aStudi di diritto ecclesiastico /$cMario Tedeschi. 260 $aNapoli :$bJovene,$cİ2002. 300 $aVI, 138 p. ;$c24 cm. 504 $aBibliografia in nota. 650 4$aDiritto ecclesiastico$xStudi.$0(OLS)http://pul/subject/40517 850 $aPUL 852 $aPUL$W1$xDP1 Fondo G. Barberini$y122$m3 C 40$j65844$qFondi$B178655$CPULBib$Z2$F178655 $HBar1645 $81 941 1 $a1 996 $6020$a88-243-1457-0*$9(OLS)http://pul/number/160709 996 $6245$aStudi di diritto ecclesiastico$9(OLS)http://pul/title/175248 996 $6260$aNapoli :$bJovene$9(OLS)http://pul/publisher/47845 LEADER 01147nam a2200253 a 4500 001 000000169214 003 CaOOAMICUS 005 20180917110828.0 008 180917s1972 it u000 u ita r 032 $aLibriCat 040 $aPUL$bita 100 1 $aCampana, Dino.$0(OLS)http://pul/name/78446 245 10$aCanti orfici e altri scritti /$cDino Campana ; introduzione di Carlo Bo ; con una cronologia della vita dell'autore e dei suoi tempi, una antologia critica e una bibliografia a cura di Arrigo Bongiorno. 260 $aMilano :$bMondadori,$c1972. 300 $aXLII, 168 p. ;$c19 cm. 490 1 $aOscar poesia ;$vL75 700 1 $aBo, Carlo,$d1911-2001.$0(OLS)http://pul/name/5385 700 1 $aBongiorno, Arrigo.$0(OLS)http://pul/name/107619 830 0$aOscar poesia ;$vL75.$0(OLS)http://pul/title/171168 850 $aPUL 852 $aPUL$W1$xDP1 Fondo Dalla Palma$y117$m9 D 25$j192381$qFondi$B197192$CPULBib$Z2$F197192 $HDal351 $81 996 $6245$aCanti orfici e altri scritti$9(OLS)http://pul/title/209783 996 $6260$aMilano :$bMondadori$9(OLS)http://pul/publisher/50297 LEADER 01304nam a2200277 a 4500 001 000000144027 003 CaOOAMICUS 005 20150611145414.0 008 150611s1989 it u000 u ita r 040 $aPUL$bita 100 1 $aVanzan, Piersandro,$cS.I.,$d1934-2011.$0(OLS)http://pul/name/30750 245 10$aNuovi orizzonti per la formazione dei laici :$bguida per gli istituti di scienze religiose e altre scuole: normative e riflessioni /$cPiersandro Vanzan, Sergio Tanzarella. 260 $aRoma :$bA.V.E.,$c1989. 300 $a188 p. ;$c22 cm 490 1 $aNuovi saggi ;$v08 504 $aBibliografia in nota. 650 4$aLaici$zItalia$ySec. XX.$0(OLS)http://pul/subject/27336 700 1 $aTanzarella, Sergio.$0(OLS)http://pul/name/42264 830 0$aNuovi saggi (A.V.E.) ;$v08.$0(OLS)http://pul/title/83329 850 $aPUL 852 $aPUL$W1$xDP1 Fondo S. Lanza$y121$m3 B 84$j162987$qFondi$B166565$CPULBib$Z2$F166565 $HLan938 $82 941 1 $a1 961 $aNota ms. di possesso: Sergio Lanza 996 $6245$aNuovi orizzonti per la formazione dei laici :$bguida per gli istituti di scienze religiose e altre scuole: normative e riflessioni$9(OLS)http://pul/title/182224 996 $6260$aRoma :$bA.V.E.$9(OLS)http://pul/publisher/47979